000 00518cam a2200217ua 4500
001 9511
005 20260515114456.0
008 151123n ii |||gr||||Z||||||eng
020 _a9780007427468
040 _cMAIN
041 _aeng
082 _a823.954
100 _aGhosh, Amitav,
_eAuthor.
245 _aGlass palace
_cby Amitav Ghosh
250 _a5th imp.
260 _aNoida:
_bHarper Collins,
_c2014.
300 _a552p.
653 _aEnglish fiction
653 _aIndian fiction in English
942 _cBK
999 _c8545
_d8545